[Event "Valencia CEX-CAA 4th"]
[Site "Valencia"]
[Date "2019.10.26"]
[Round "2.3"]
[White "Cortes Marti, Javier"]
[Black "Tomas Parra, Samuel"]
[Result "1-0"]
[WhiteElo "2011"]
[BlackElo "1621"]
[PlyCount "79"]
[EventDate "2019.10.19"]
[EventType "swiss"]
[EventRounds "7"]
[EventCountry "ESP"]
[SourceTitle "EXT 2024"]
[Source "ChessBase"]
[SourceDate "2023.10.10"]
[SourceVersion "1"]
[SourceVersionDate "2023.10.10"]
[SourceQuality "1"]

1. e4 e5 2. f4 exf4 3. Nf3 Ne7 4. Bc4 Ng6 5. d4 d6 6. 0-0 Be7 7. Nc3 0-0 8. Nd5 Be6 9. Qd3 Bxd5 10. Bxd5 c6 11. Bb3 c5 12. c3 Nd7 13. Bd2 a6 14. Rad1 b5 15. Bc2 c4 16. Qe2 Qc7 17. Kh1 Nb6 18. e5 dxe5 19. Nxe5 Nxe5 20. dxe5 Rfe8 21. Bxf4 Qc5 22. Qe4 g6 23. Be3 Qc7 24. Qf3 Bc5 25. Bxc5 Qxc5 26. Qxf7+ Kh8 27. Qf6+ Kg8 28. Bxg6 Rf8 29. Bf7+ Rxf7 30. Qxf7+ Kh8 31. Qf6+ Kg8 32. Rd8+ Rxd8 33. Qxd8+ Kg7 34. Qf6+ Kg8 35. Qe6+ Kh8 36. Qe8+ Kg7 37. Rf7+ Kh6 38. Qe6+ Kg5 39. Qf5+ Kh6 40. Rxh7# 1-0